| 000 | 01170cam a2200301Ka 4500 | ||
|---|---|---|---|
| 005 | 20180208075701.0 | ||
| 008 | 151110s2010 ag fr 001 0 spa d | ||
| 020 | _a9789876011211 | ||
| 020 | _a9876011219 | ||
| 035 | _a(OCoLC)767536329 | ||
| 040 |
_aCo-BoUCM _bspa _cSaul Niño _dSaul Niño |
||
| 041 | 0 | _aspa | |
| 245 | 0 | 0 |
_aNuevos escenarios detrás de las noticias _bagendas, tecnologías y consumos _cLila Luchessi (Compilador) |
| 260 |
_aBuenos Aires (Argentina) _bLa Crujía _bInstituto de Estudios de América Latina y el Caribe _c2010 |
||
| 300 | _a167 páginas | ||
| 490 | 0 | _aInclusiones | |
| 504 | _aIncluye referencias bibliográficas e índices | ||
| 650 | 7 |
_aPeriodismo _xInnovaciones tecnológicas _929493 |
|
| 650 | 7 |
_aPeriodismo en internet _921349 |
|
| 650 | 7 |
_aPeriodismo digital _921347 |
|
| 650 | 7 |
_aPeriódicos _xInnovaciones tecnológicas. _973411 |
|
| 650 | 7 |
_aRevistas electrónicas _923761 |
|
| 650 | 7 |
_aRevistas _xInnovaciones tecnológicas _923758 |
|
| 690 |
_aPeriodismo _921340 |
||
| 700 | 1 |
_aLuchessi, Lila _ecompilador _974513 |
|
| 942 |
_2DEWEY _a24 _cLIBRORESER _e1 _h070.43 _mN964nu |
||
| 999 |
_c301891 _d301891 |
||